Gminy w powiecie Kętrzyńskim - Statystyki

Ogólne statystyki
  • Ten quiz został rozwiązany 39 razy
  • Średni wynik to 4 z 5
Statystyki odpowiedzi
Typ gminy Odpowiedź % Poprawnych
Wiejska Kętrzyn
91%
Miejsko-wiejska Reszel
75%
Wiejska Barciany
72%
Miejsko-wiejska Korsze
59%
Wiejska Srokowo
53%
Nie znaleziono quizów pasujących do podanych kryteriów
Rozkład punktacji
Procent ludzi z każdym wynikiem
Percentyl według liczby udzielonych odpowiedzi
Twoja historia wyników
Nie rozwiązałeś tego quizu